| 000 | 00458cam a2200181ua 4500 | ||
|---|---|---|---|
| 020 | _c25.00 | ||
| 041 |
_aeng _h |
||
| 082 |
_a339.32 _bRAO/PA |
||
| 100 | _aRao, V K R V . | ||
| 245 |
_aPapers on national income and allied topics / _cV K R V Rao. _hTextual Documents |
||
| 260 |
_aMumbai : _bAsia Publishing House , _c1960. |
||
| 300 | _a ; . | ||
| 365 | _a25.00 | ||
| 504 | _a | ||
| 700 | 1 | _aSen, S R . | |
| 942 | _cBK | ||
| 999 |
_c12649 _d12649 |
||